[Event "CAN-ch U20 U1000"]
[Site "Toronto CAN"]
[Date "2023.07.07"]
[Round "1.39"]
[White "Ha, Benjamin"]
[Black "Pan, Julian"]
[Result "0-1"]
[WhiteElo "662"]
[BlackElo "990"]
[PlyCount "78"]
[EventDate "2023.07.06"]
[EventType "swiss"]
[EventRounds "6"]
[EventCountry "CAN"]

1. e4 e5 2. Nf3 Nc6 3. Nc3 Nf6 4. Bb5 Bc5 5. d3 h6 6. Bxc6 dxc6 7. Nxe5 Bxf2+
8. Kxf2 Qd4+ 9. Be3 Qxe5 10. Rf1 Ng4+ 11. Ke2 Nxh2 12. Bf4 Qh5+ 13. Kf2 Bg4 14.
Ne2 Nxf1 15. Kxf1 Bxe2+ 16. Qxe2 Qh1+ 17. Kf2 Qxa1 18. Qh5 Qxb2 19. Qe5+ Qxe5
20. Bxe5 f6 21. Bxc7 Kd7 22. Bf4 g5 23. Be3 a6 24. c4 Ke6 25. d4 f5 26. d5+
cxd5 27. exd5+ Ke5 28. Kf3 f4 29. g3 fxe3 30. Kxe3 Rac8 31. Kd3 h5 32. a4 h4
33. gxh4 gxh4 34. a5 h3 35. c5 h2 36. d6 h1=Q 37. c6 Rh3+ 38. Kc4 Rxc6+ 39. Kb4
Qe4# 0-1

[Event "CAN-ch U20 U1000"]
[Site "Toronto CAN"]
[Date "2023.07.07"]
[Round "1.40"]
[White "Wang, Louie"]
[Black "Delgashev, Victor"]
[Result "0-1"]
[WhiteElo "937"]
[BlackElo "630"]
[PlyCount "154"]
[EventDate "2023.07.06"]
[EventType "swiss"]
[EventRounds "6"]
[EventCountry "CAN"]

1. e4 e6 2. d4 d5 3. exd5 exd5 4. Nf3 Nc6 5. Nc3 Nf6 6. Bb5 Be7 7. O-O O-O 8.
Re1 Re8 9. Bg5 Bg4 10. Bxf6 Bxf6 11. Rxe8+ Qxe8 12. Nxd5 Qd8 13. Nxf6+ Qxf6 14.
h3 Bxf3 15. Qxf3 Qxf3 16. gxf3 Nxd4 17. Bf1 Nxf3+ 18. Kg2 Ne5 19. f4 Nc6 20.
Bb5 Rb8 21. Bxc6 bxc6 22. Rd1 h6 23. b3 Re8 24. Rd2 Kf8 25. Kf3 Ke7 26. Re2+
Kd7 27. Rxe8 Kxe8 28. Kg4 Ke7 29. Kf5 g6+ 30. Kg4 Ke6 31. h4 f5+ 32. Kg3 Kd5
33. Kf2 Kd4 34. Ke2 Kc3 35. Kd1 c5 36. a4 c4 37. bxc4 Kxc4 38. Ke2 Kb4 39. Kf3
Kxa4 40. h5 gxh5 41. Kg3 Kb4 42. Kh4 a5 43. Kxh5 a4 44. Kxh6 a3 45. Kg6 a2 46.
Kxf5 a1=Q 47. Kg6 Qh8 48. f5 Qg8+ 49. Kf6 Kc3 50. Ke7 Qh7+ 51. Ke6 Kxc2 52. f6
c5 53. f7 Qg6+ 54. Ke7 Qh7 55. Ke8 Qh8+ 56. Ke7 c4 57. f8=Q Qxf8+ 58. Kxf8 c3
59. Ke7 Kd2 60. Kd6 c2 61. Kd5 c1=Q 62. Ke5 Qc3+ 63. Ke4 Qd3+ 64. Ke5 Qc4 65.
Kd6 Qb5 66. Ke6 Qc5 67. Kf6 Qd5 68. Ke7 Qc6 69. Kf7 Qd6 70. Kg7 Qe6 71. Kh7 Qf6
72. Kg8 Qe7 73. Kh8 Ke3 74. Kg8 Kf4 75. Kh8 Kg5 76. Kg8 Kf6 77. Kh8 Qg7# 0-1

[Event "CAN-ch U20 U1000"]
[Site "Toronto CAN"]
[Date "2023.07.08"]
[Round "2.39"]
[White "Pan, Julian"]
[Black "Wu, Colin"]
[Result "1-0"]
[WhiteElo "990"]
[BlackElo "559"]
[PlyCount "71"]
[EventDate "2023.07.06"]
[EventType "swiss"]
[EventRounds "6"]
[EventCountry "CAN"]

1. e4 e5 2. Nf3 Nc6 3. Bb5 a6 4. Ba4 d6 5. c3 Bd7 6. d4 exd4 7. cxd4 Be7 8. O-O
b5 9. Bc2 Bg4 10. Be3 Bf6 11. Nc3 Nb4 12. Bb3 Ne7 13. a3 Nbc6 14. h3 Bd7 15. d5
Na5 16. Ba2 O-O 17. Rc1 Ng6 18. b4 Nb7 19. Qd2 a5 20. Bd4 axb4 21. axb4 c6 22.
dxc6 Bxc6 23. Bxf6 Qxf6 24. Nd4 Bd7 25. Ncxb5 Bxb5 26. Nxb5 Qe5 27. Bd5 Rab8
28. f4 Qe8 29. Bxb7 Qxb5 30. Bc6 Qxb4 31. Qd3 Qb6+ 32. Kh1 Rfd8 33. Rc2 Qb3 34.
Rc3 Qb6 35. g3 Rbc8 36. Rfc1 1-0

[Event "CAN-ch U20 U1000"]
[Site "Toronto CAN"]
[Date "2023.07.07"]
[Round "2.40"]
[White "Love, Kyle"]
[Black "Yang, Roger"]
[Result "1-0"]
[WhiteElo "723"]
[BlackElo "990"]
[PlyCount "93"]
[EventDate "2023.07.06"]
[EventType "swiss"]
[EventRounds "6"]
[EventCountry "CAN"]

1. d4 d5 2. Bf4 c5 3. Nf3 Nc6 4. Nc3 Nf6 5. e3 Qb6 6. Rb1 e6 7. Bd3 Be7 8. O-O
O-O 9. Re1 c4 10. Be2 Nb4 11. a3 Nc6 12. Ne5 Nxe5 13. dxe5 Ne4 14. Nxe4 dxe4
15. Bxc4 Rd8 16. Qg4 Qc5 17. Bb3 a5 18. a4 b6 19. Bh6 Qxe5 20. f4 exf3 21. gxf3
Qf6 22. Bg5 Qxg5 23. Qxg5 Bxg5 24. Rbd1 Rxd1 25. Rxd1 Bb7 26. f4 Bf3 27. Rf1
Bd5 28. Bxd5 exd5 29. fxg5 Rc8 30. Rd1 Rc5 31. e4 Kf8 32. exd5 Ke8 33. Rd2 Kd7
34. b3 Kd6 35. c4 Rc7 36. Kf2 g6 37. Kf3 Re7 38. Rd4 Re5 39. Kf4 Rf5+ 40. Kg4
Rf2 41. h4 f5+ 42. gxf6 Rxf6 43. Re4 h5+ 44. Kg5 Rf5+ 45. Kxg6 Re5 46. Rxe5
Kxe5 47. Kxh5 1-0

[Event "CAN-ch U20 U1000"]
[Site "Toronto CAN"]
[Date "2023.07.08"]
[Round "3.39"]
[White "Wang, Angela"]
[Black "Pan, Julian"]
[Result "1/2-1/2"]
[WhiteElo "803"]
[BlackElo "990"]
[PlyCount "81"]
[EventDate "2023.07.06"]
[EventType "swiss"]
[EventRounds "6"]
[EventCountry "CAN"]

1. e4 e5 2. Nf3 Nc6 3. d4 d6 4. Nc3 f6 5. Bb5 Bd7 6. Be3 Nge7 7. d5 Nb8 8. O-O
c6 9. Ba4 b5 10. Bb3 c5 11. a4 b4 12. Nb5 Nc8 13. Bc4 a6 14. c3 axb5 15. Bxb5
Bxb5 16. axb5 Rxa1 17. Qxa1 Be7 18. cxb4 cxb4 19. Qa4 O-O 20. Qxb4 Nb6 21. Rc1
N8d7 22. Nd2 Qb8 23. Nb3 Rc8 24. Rc6 Qa8 25. Bxb6 Nxb6 26. h3 Nd7 27. Ra6 Qb8
28. b6 Qb7 29. Ra7 Qxb6 30. Qxb6 Nxb6 31. Rxe7 Rc2 32. Re6 Nc4 33. Re8+ Kf7 34.
Rc8 Rxb2 35. Rxc4 Rxb3 36. Rc6 Ke7 37. Rc7+ Kf8 38. Rc8+ Kf7 39. Rc6 Ke7 40.
Rc7+ Kf8 41. Rc8+ 1/2-1/2

[Event "CAN-ch U20 U1000"]
[Site "Toronto CAN"]
[Date "2023.07.08"]
[Round "3.40"]
[White "Yang, Emma"]
[Black "Zhang, Harold"]
[Result "1-0"]
[WhiteElo "792"]
[BlackElo "915"]
[PlyCount "73"]
[EventDate "2023.07.06"]
[EventType "swiss"]
[EventRounds "6"]
[EventCountry "CAN"]

1. e4 e5 2. Nf3 Nf6 3. Nxe5 d6 4. Nf3 Nxe4 5. Qe2 Qe7 6. d3 Nf6 7. Nc3 Qxe2+ 8.
Bxe2 Nc6 9. Bd2 Be7 10. Nb5 a6 11. Nxc7+ Kd7 12. Nxa8 Ne5 13. Nxe5+ dxe5 14.
Nb6+ Kc7 15. Nxc8 Rxc8 16. Be3 Bb4+ 17. c3 Ba5 18. O-O Kd7 19. Rac1 e4 20. dxe4
Nxe4 21. Bg4+ Kc7 22. Bxc8 Kxc8 23. Rfe1 Kc7 24. Bd4 Nd6 25. Bxg7 Nc4 26. Be5+
Nxe5 27. Rxe5 b6 28. Rf5 Kd6 29. Re1 Kc6 30. Rxf7 b5 31. Rf5 b4 32. Re6+ Kd7
33. Rxa6 Bc7 34. Rf7+ Ke8 35. Rxc7 Kd8 36. Rg7 Kc8 37. Ra8# 1-0

[Event "CAN-ch U20 U1000"]
[Site "Toronto CAN"]
[Date "2023.07.08"]
[Round "4.39"]
[White "Love, Kyle"]
[Black "Yang, Emma"]
[Result "0-1"]
[WhiteElo "723"]
[BlackElo "792"]
[PlyCount "92"]
[EventDate "2023.07.06"]
[EventType "swiss"]
[EventRounds "6"]
[EventCountry "CAN"]

1. d4 d5 2. Bf4 Nc6 3. e3 Nf6 4. Nf3 Bf5 5. c3 a6 6. Bd3 Bxd3 7. Qxd3 e6 8.
Nbd2 Be7 9. O-O Qd7 10. Rfe1 Nh5 11. Bg5 h6 12. Bxe7 Qxe7 13. e4 Nf6 14. exd5
Nxd5 15. Ne5 Nxe5 16. Rxe5 O-O 17. Qe4 c6 18. c4 Nf6 19. Qh4 Rfe8 20. Ne4 Rad8
21. Nxf6+ Qxf6 22. Qxf6 gxf6 23. Re4 Kh7 24. Rd1 Rg8 25. Rf4 Rg6 26. h3 Kg7 27.
Rg4 h5 28. Rxg6+ fxg6 29. g4 hxg4 30. hxg4 Kh6 31. Kg2 f5 32. Kg3 Kg5 33. f4+
Kf6 34. g5+ Kf7 35. Kf3 b6 36. Rd2 c5 37. Ke3 Rd7 38. d5 exd5 39. cxd5 b5 40.
d6 Ke6 41. Rh2 Rxd6 42. Rh6 Kd5 43. b3 b4 44. Kd3 a5 45. Rh8 Kc6+ 46. Kc4 Rd4#
0-1

[Event "CAN-ch U20 U1000"]
[Site "Toronto CAN"]
[Date "2023.07.09"]
[Round "5.39"]
[White "Yang, Emma"]
[Black "Pan, Julian"]
[Result "0-1"]
[WhiteElo "792"]
[BlackElo "990"]
[PlyCount "133"]
[EventDate "2023.07.06"]
[EventType "swiss"]
[EventRounds "6"]
[EventCountry "CAN"]

1. e4 e5 2. Nf3 Nc6 3. Bc4 Nf6 4. d3 h6 5. Nc3 Bb4 6. Bd2 d6 7. a3 Bc5 8. h3
O-O 9. O-O Kh8 10. Bd5 Bd7 11. Qc1 Nh7 12. b4 Bb6 13. Re1 Qf6 14. Na4 Nd4 15.
Qd1 Nxf3+ 16. Qxf3 Qxf3 17. gxf3 Bxa4 18. Ra2 Bc6 19. c3 Bxd5 20. exd5 f5 21.
a4 c6 22. dxc6 bxc6 23. a5 Bc7 24. d4 Rae8 25. Raa1 Ng5 26. Kg2 f4 27. dxe5
Rxe5 28. Rxe5 dxe5 29. Re1 Rf6 30. h4 Nf7 31. Kh3 Rd6 32. Bc1 Rd3 33. Kg2 Rxc3
34. Bd2 Rc4 35. Rb1 Nd6 36. Re1 Nf5 37. Kh3 Rc2 38. Rd1 Kg8 39. h5 Kf7 40. Kg4
Kf6 41. Be1 Bd6 42. Rb1 Nd4 43. Rd1 c5 44. bxc5 Bxc5 45. Bd2 Nf5 46. Rc1 Rxc1
47. Bxc1 Bxf2 48. Bb2 Be1 49. a6 Ne3+ 50. Kh3 Nd5 51. Ba3 Nc7 52. Bc5 Nxa6 53.
Bxa7 Kg5 54. Bb6 Kxh5 55. Kg2 Nb4 56. Bc7 Nd3 57. Bd6 Bg3 58. Kf1 g5 59. Ke2 g4
60. fxg4+ Kxg4 61. Kxd3 f3 62. Bc5 h5 63. Bg1 h4 64. Ke3 h3 65. Bf2 Bxf2+ 66.
Kxf2 h2 67. Ke1 0-1

[Event "CAN-ch U20 U1000"]
[Site "Toronto CAN"]
[Date "2023.07.09"]
[Round "5.40"]
[White "Wu, Colin"]
[Black "Wang, Angela"]
[Result "1-0"]
[WhiteElo "759"]
[BlackElo "803"]
[PlyCount "107"]
[EventDate "2023.07.06"]
[EventType "swiss"]
[EventRounds "6"]
[EventCountry "CAN"]

1. c4 e5 2. Nc3 Nf6 3. e3 Bb4 4. d4 exd4 5. exd4 O-O 6. Nf3 c6 7. Be2 d5 8. O-O
Bf5 9. Bf4 Nbd7 10. Qb3 Bxc3 11. Qxc3 Re8 12. Rfe1 Ne4 13. Qb3 b6 14. cxd5 Qf6
15. dxc6 Qxc6 16. Qb5 Qf6 17. Bd3 Nf8 18. Be5 Nd6 19. Bxf6 Nxb5 20. Rxe8 Rxe8
21. Bxb5 Re6 22. Be5 Rg6 23. Nh4 Rg5 24. Nxf5 Rxf5 25. a4 Ng6 26. Rc1 h6 27.
Rc8+ Kh7 28. Bd3 Rg5 29. h4 Rg4 30. h5 Rg5 31. hxg6+ fxg6 32. Rc7 Kg8 33. Rxg7+
Kf8 34. Rxg6 Rxg6 35. Bxg6 Ke7 36. d5 Kd7 37. Bf5+ Ke7 38. d6+ Kd8 39. Bf6+ Ke8
40. d7+ Kf7 41. Bg6+ Kxf6 42. d8=Q+ Kxg6 43. f4 Kf5 44. Qf8+ Ke6 45. f5+ Kd7
46. f6 Ke6 47. Qe7+ Kf5 48. f7 h5 49. f8=Q+ Kg4 50. Qe4+ Kg5 51. Qef5+ Kh4 52.
g3+ Kxg3 53. Qf4+ Kh3 54. Q8f5# 1-0

[Event "CAN-ch U20 U1000"]
[Site "Toronto CAN"]
[Date "2023.07.09"]
[Round "6.39"]
[White "Pan, Julian"]
[Black "Yunuslu, Omar"]
[Result "0-1"]
[WhiteElo "990"]
[BlackElo "749"]
[PlyCount "62"]
[EventDate "2023.07.06"]
[EventType "swiss"]
[EventRounds "6"]
[EventCountry "CAN"]

1. e4 e6 2. d4 d5 3. exd5 exd5 4. Nc3 Nf6 5. a3 Bf5 6. Nf3 Be7 7. Bd3 Bxd3 8.
cxd3 O-O 9. O-O Nc6 10. Re1 h6 11. Bf4 Re8 12. Qb3 Rb8 13. Nb5 Rc8 14. Rac1 a6
15. Nc3 Bd6 16. Bxd6 Qxd6 17. Nd1 Nxd4 18. Rxe8+ Rxe8 19. Qa4 Ne2+ 20. Kf1 Nxc1
21. Ne3 Nxd3 22. Nd4 Nxb2 23. Qb3 Nc4 24. Nxc4 dxc4 25. Qc3 Ne4 26. Qa1 c3 27.
Nf5 Qe6 28. g4 Nd2+ 29. Kg2 Qe4+ 30. Kh3 Qf3+ 31. Ng3 Ne4 0-1

[Event "CAN-ch U20 U1000"]
[Site "Toronto CAN"]
[Date "2023.07.09"]
[Round "6.40"]
[White "Wu, Colin"]
[Black "Yang, Emma"]
[Result "1/2-1/2"]
[WhiteElo "759"]
[BlackElo "792"]
[PlyCount "105"]
[EventDate "2023.07.06"]
[EventType "swiss"]
[EventRounds "6"]
[EventCountry "CAN"]

1. e4 e5 2. Nf3 Nc6 3. Bc4 Bc5 4. c3 Nf6 5. d3 h6 6. Nbd2 d6 7. O-O O-O 8. Re1
Re8 9. a3 Bd7 10. b4 Bb6 11. a4 a5 12. b5 Na7 13. Qb3 Be6 14. Bxe6 Rxe6 15. Bb2
c6 16. bxc6 bxc6 17. Nc4 Rb8 18. Nxb6 Qxb6 19. Qxb6 Rxb6 20. Rab1 c5 21. Ba1
Nc8 22. Rxb6 Nxb6 23. Rb1 d5 24. exd5 Nfxd5 25. c4 Nb4 26. Rb3 Nxa4 27. Ra3 Nb6
28. Kf1 a4 29. Bxe5 Nc6 30. Bc3 Nb4 31. d4 Nc2 32. Ra2 Nxd4 33. Bxd4 cxd4 34.
Nxd4 Re4 35. Nf3 Rxc4 36. Ke2 Rc8 37. Rb2 Nc4 38. Rc2 Re8+ 39. Kd3 Nd6 40. Ra2
Nb7 41. Kc3 Ra8 42. Kb4 a3 43. Rxa3 Rxa3 44. Kxa3 Nd6 45. Nd4 f5 46. f3 g6 47.
Kb3 Kf7 48. Kc3 Kf6 49. g3 g5 50. Kd3 h5 51. h3 g4 52. hxg4 hxg4 53. f4 1/2-1/2

[Event "CAN-ch U20 U1500"]
[Site "Toronto CAN"]
[Date "2023.07.07"]
[Round "1.23"]
[White "Yao, Lucas"]
[Black "Dave, Jaskank"]
[Result "1/2-1/2"]
[WhiteElo "1334"]
[BlackElo "1378"]
[PlyCount "91"]
[EventDate "2023.07.07"]
[EventType "swiss"]
[EventRounds "6"]
[EventCountry "CAN"]

1. e4 e5 2. Nf3 Nc6 3. Nc3 Nf6 4. Bb5 Bc5 5. O-O d6 6. Bxc6+ bxc6 7. d4 exd4 8.
Nxd4 Bxd4 9. Qxd4 h6 10. e5 dxe5 11. Qxe5+ Be6 12. Bf4 Rc8 13. Rad1 Qe7 14.
Rfe1 O-O 15. Qa5 Rb8 16. Bxc7 Nd5 17. Nxd5 cxd5 18. Bxb8 Rxb8 19. h3 Rxb2 20.
Rxd5 Rxc2 21. Qd8+ Qxd8 22. Rxd8+ Kh7 23. a3 Ra2 24. Re3 Rb2 25. Ra8 Rb1+ 26.
Kh2 Rb2 27. f3 Bc4 28. Re1 Bd5 29. Rxa7 Bxf3 30. Rg1 Bd5 31. Rd7 Be6 32. Rd3
Bf5 33. Rg3 Ra2 34. Rf1 Be6 35. Rb1 Bf5 36. Rb7 Be6 37. Ra7 g5 38. a4 Kg6 39.
Kg1 Bc4 40. h4 Ra1+ 41. Kf2 f5 42. hxg5 Rf1+ 43. Ke3 f4+ 44. Kd4 fxg3 45. Kxc4
Kxg5 46. a5 1/2-1/2

[Event "CAN-ch U20 U1500"]
[Site "Toronto CAN"]
[Date "2023.07.07"]
[Round "1.24"]
[White "Dhingra, Tanishq Kumar"]
[Black "Lukinykh, Slava"]
[Result "0-1"]
[WhiteElo "1114"]
[BlackElo "1378"]
[PlyCount "120"]
[EventDate "2023.07.07"]
[EventType "swiss"]
[EventRounds "6"]
[EventCountry "CAN"]

1. Nf3 f5 2. g3 Nf6 3. Bg2 e6 4. d3 d5 5. Nbd2 Be7 6. O-O O-O 7. Re1 Nbd7 8. e4
fxe4 9. dxe4 Nc5 10. e5 Nfe4 11. Nxe4 Nxe4 12. Be3 Bd7 13. Nd2 Nxd2 14. Qxd2 c5
15. Rad1 d4 16. f4 Qb6 17. c3 Ba4 18. Bf2 Bxd1 19. Rxd1 Rad8 20. cxd4 cxd4 21.
Kh1 Bc5 22. Qc2 Rc8 23. Be4 d3 24. Bxd3 Bxf2 25. Bxh7+ Kh8 26. Qb1 Qe3 27. Be4
Rc4 28. Bxb7 Rc7 29. Bg2 Rfc8 30. Qg6 Rc4 31. b3 Qe2 32. Qb1 Qxd1+ 33. Qxd1 Rc1
34. Bf3 Rxd1+ 35. Bxd1 Rc1 36. Kg2 Rxd1 37. Kxf2 Rd2+ 38. Kf3 Rxh2 39. a3 Rb2
40. b4 Rb3+ 41. Kg4 Rxa3 42. f5 exf5+ 43. Kxf5 Rxg3 44. e6 Rf3+ 45. Ke4 Rf8 46.
Kd5 Kg8 47. Kd6 Re8 48. Kd7 Kf8 49. Kd6 g5 50. Ke5 g4 51. Kf4 Rxe6 52. Kxg4 Rb6
53. Kf5 Rxb4 54. Ke5 a5 55. Kd5 a4 56. Kc5 Rb1 57. Kc4 a3 58. Kc3 a2 59. Kc2
a1=Q 60. Kd2 Qe5 0-1

[Event "CAN-ch U20 U1500"]
[Site "Toronto CAN"]
[Date "2023.07.07"]
[Round "2.23"]
[White "Lukinykh, Slava"]
[Black "Aithal, Arya"]
[Result "1-0"]
[WhiteElo "1378"]
[BlackElo "1346"]
[PlyCount "87"]
[EventDate "2023.07.07"]
[EventType "swiss"]
[EventRounds "6"]
[EventCountry "CAN"]

1. e4 c6 2. d4 d5 3. Nc3 dxe4 4. Nxe4 Nf6 5. Nxf6+ exf6 6. Nf3 Bg4 7. c3 Bd6 8.
Bd3 O-O 9. h3 Re8+ 10. Be3 Be6 11. O-O Nd7 12. Nh4 Nf8 13. Nf5 Bc7 14. Qf3 Ng6
15. Rfe1 Bxf5 16. Qxf5 Qd5 17. Qxd5 cxd5 18. Bd2 a6 19. g3 Rxe1+ 20. Rxe1 b5
21. h4 Rd8 22. h5 Nf8 23. Re7 Rd7 24. Re8 Rd8 25. Rxd8 Bxd8 26. a4 bxa4 27.
Bxa6 Nd7 28. Kg2 Bc7 29. h6 g6 30. Kf3 Nb6 31. Ke2 Kf8 32. Kd3 Ke7 33. c4 dxc4+
34. Bxc4 Nxc4 35. Kxc4 Bd6 36. Bb4 f5 37. Kb5 Bxb4 38. Kxb4 Kd6 39. Kxa4 Kd5
40. b4 Kxd4 41. Ka5 Kd5 42. b5 Kd6 43. Ka6 Kc7 44. Ka7 1-0

[Event "CAN-ch U20 U1500"]
[Site "Toronto CAN"]
[Date "2023.07.07"]
[Round "2.24"]
[White "Geillon-Barral, Roween"]
[Black "Chen, Matthew"]
[Result "0-1"]
[WhiteElo "1250"]
[BlackElo "1346"]
[PlyCount "132"]
[EventDate "2023.07.07"]
[EventType "swiss"]
[EventRounds "6"]
[EventCountry "CAN"]

1. e4 e5 2. Nf3 Nc6 3. Bc4 Nf6 4. d3 Bc5 5. Be3 Bb6 6. O-O d6 7. h3 Be6 8. Bb3
O-O 9. Nc3 Nd4 10. Na4 Nxb3 11. Nxb6 axb6 12. axb3 h6 13. Nd2 Rxa1 14. Qxa1 Qa8
15. Qc1 Nd7 16. Nc4 f5 17. f4 fxe4 18. dxe4 exf4 19. Rxf4 Rxf4 20. Bxf4 Qe8 21.
Qe3 Nf6 22. e5 Nd5 23. Qg3 Nxf4 24. Qxf4 Bxc4 25. Qxc4+ Qf7 26. e6 Qe7 27. Kf2
Qf6+ 28. Kg1 Qe7 29. Kf2 c6 30. Qe2 Qf6+ 31. Ke1 Qe5 32. e7 Qxe2+ 33. Kxe2 Kf7
34. Kd3 Kxe7 35. b4 b5 36. b3 Ke6 37. Kd4 Kf5 38. c4 bxc4 39. bxc4 Ke6 40. c5
d5 41. g3 h5 42. h4 Kf5 43. Ke3 Kg4 44. Kf2 d4 45. Kg2 d3 46. Kf2 d2 47. Ke2
d1=R 48. Kxd1 Kxg3 49. Kc2 Kxh4 50. Kb3 Kg3 51. Ka4 h4 52. Ka5 h3 53. Kb6 h2
54. Kxb7 h1=Q 55. Kb6 Kf4 56. b5 cxb5 57. Kxb5 Qb7+ 58. Kc4 Qc6 59. Kb4 Ke4 60.
Kc4 g5 61. Kb4 Kd4 62. Kb3 Qxc5 63. Kb2 Qc3+ 64. Kb1 Qd2 65. Ka1 Kc3 66. Kb1
Qb2# 0-1

[Event "CAN-ch U20 U1500"]
[Site "Toronto CAN"]
[Date "2023.07.08"]
[Round "3.23"]
[White "Chen, Michael"]
[Black "Lukinykh, Slava"]
[Result "1/2-1/2"]
[WhiteElo "1334"]
[BlackElo "1378"]
[PlyCount "121"]
[EventDate "2023.07.07"]
[EventType "swiss"]
[EventRounds "6"]
[EventCountry "CAN"]

1. Nf3 f5 2. d4 Nf6 3. c4 d5 4. Nc3 e6 5. g3 Nbd7 6. Bg2 c6 7. Bf4 dxc4 8. e4
Bb4 9. O-O Bxc3 10. bxc3 Nxe4 11. Rc1 O-O 12. Qe2 Nb6 13. Ne5 Nd6 14. h4 h6 15.
Ng6 Rf6 16. h5 Nd5 17. Be5 Rf7 18. Bxd6 Qxd6 19. Qxc4 f4 20. Qd3 Rf5 21. Bxd5
exd5 22. Rce1 Be6 23. Ne7+ Qxe7 24. Qxf5 Bxf5 25. Rxe7 Bg4 26. Rxb7 Bxh5 27.
Rfb1 fxg3 28. fxg3 Be2 29. Rb8+ Rxb8 30. Rxb8+ Kh7 31. Kf2 Bb5 32. Ra8 a6 33.
Ke3 g5 34. a4 Bxa4 35. Rxa6 Bb5 36. Rb6 Kg7 37. Rb7+ Kg6 38. Rb6 Kf5 39. Rb8
Kg6 40. Kf3 h5 41. Rh8 Bc4 42. Rd8 Bb5 43. c4 dxc4 44. Ra8 Kf7 45. Ke4 Kg6 46.
d5 cxd5+ 47. Kxd5 c3 48. Kd4 c2 49. Rc8 Ba4 50. Ke3 Kf5 51. Kd2 Bb3 52. Rc3 Be6
53. Kxc2 Kg4 54. Kd2 Bd5 55. Ke1 Kf5 56. Kf2 Be4 57. Rc5+ Kg4 58. Rc4 Kf5 59.
Rc5+ Kg4 60. Rc4 Kf5 61. Rc5+ 1/2-1/2

[Event "CAN-ch U20 U1500"]
[Site "Toronto CAN"]
[Date "2023.07.08"]
[Round "3.24"]
[White "Chen, Matthew"]
[Black "Sekaran, Adithya"]
[Result "1-0"]
[WhiteElo "1346"]
[BlackElo "1318"]
[PlyCount "89"]
[EventDate "2023.07.07"]
[EventType "swiss"]
[EventRounds "6"]
[EventCountry "CAN"]

1. e4 c5 2. c3 e6 3. d4 cxd4 4. cxd4 d5 5. Bb5+ Bd7 6. Bxd7+ Qxd7 7. e5 Nc6 8.
Bg5 Be7 9. Bxe7 Ngxe7 10. f4 Rc8 11. Nf3 Nb4 12. Nc3 Nf5 13. Qd2 Rc4 14. a3 Na6
15. O-O O-O 16. Rac1 Rfc8 17. Ne2 Qc7 18. Rxc4 dxc4 19. Ng5 Nb8 20. Ne4 Nc6 21.
g4 Nfe7 22. f5 Qb6 23. f6 Ng6 24. Kh1 Na5 25. fxg7 Kxg7 26. Nd6 Rc7 27. Ne8+
Kg8 28. Nxc7 Qxc7 29. Nf4 Nb3 30. Qe3 Qc6+ 31. Kg1 Nh4 32. Qf2 Nd2 33. Qxh4
Nf3+ 34. Rxf3 Qxf3 35. Qd8+ Kg7 36. Nh5+ Kh6 37. Qf6+ Qxf6 38. Nxf6 Kg5 39.
Nxh7+ Kf4 40. h3 Ke3 41. Ng5 Kd2 42. h4 Kc2 43. h5 Kxb2 44. Nf3 c3 45. Ne1 1-0

[Event "CAN-ch U20 U1500"]
[Site "Toronto CAN"]
[Date "2023.07.08"]
[Round "4.23"]
[White "Lukinykh, Slava"]
[Black "Chen, Matthew"]
[Result "0-1"]
[WhiteElo "1378"]
[BlackElo "1346"]
[PlyCount "116"]
[EventDate "2023.07.07"]
[EventType "swiss"]
[EventRounds "6"]
[EventCountry "CAN"]

1. e4 e5 2. Nf3 Nc6 3. Bb5 Nf6 4. Nc3 Bc5 5. O-O d6 6. h3 O-O 7. a3 Nd4 8. Nxd4
Bxd4 9. d3 Be6 10. Ne2 Bb6 11. c3 c6 12. Ba4 d5 13. Bc2 h6 14. Ng3 Qd7 15. Qf3
Nh7 16. Nh5 f5 17. exf5 Rxf5 18. Qe2 Raf8 19. d4 e4 20. Ng3 R5f6 21. Bd2 Bc7
22. b4 Rg6 23. Kh2 Nf6 24. Qe1 Nh5 25. Kg1 Nxg3 26. fxg3 Bxg3 27. Rxf8+ Kxf8
28. Qf1+ Kg8 29. Qe2 Bxh3 30. Qh5 Qf5 31. Qxf5 Bxf5 32. Rf1 Bg4 33. c4 Be2 34.
Rc1 Bxc4 35. Bxe4 Re6 36. Rc3 Bh4 37. Bf5 Re2 38. Bc1 Bf2+ 39. Kh2 Bxd4 40. Rf3
Be5+ 41. Kh3 d4 42. Kg4 Rxg2+ 43. Kh5 Be2 44. Bg4 Bxf3 45. Bxf3 Rc2 46. Bf4
Bxf4 47. Kg6 Rc3 48. Bh5 d3 49. b5 cxb5 50. Kf5 Bg5 51. Ke6 Rxa3 52. Kd7 b4 53.
Ke8 g6 54. Bd1 b3 55. Bf3 b2 56. Be4 b1=Q 57. Bxd3 Qe1+ 58. Kd7 Qe7+ 0-1

[Event "CAN-ch U20 U1500"]
[Site "Toronto CAN"]
[Date "2023.07.08"]
[Round "4.24"]
[White "Schantz, Korbin"]
[Black "Yao, Lucas"]
[Result "0-1"]
[WhiteElo "1064"]
[BlackElo "1388"]
[PlyCount "84"]
[EventDate "2023.07.07"]
[EventType "swiss"]
[EventRounds "6"]
[EventCountry "CAN"]

1. e4 e5 2. Nf3 Nc6 3. Bb5 d6 4. d4 exd4 5. Nxd4 Bd7 6. Nxc6 bxc6 7. Bc4 Nf6 8.
Nc3 Be7 9. O-O O-O 10. f3 Be6 11. Bb3 Qd7 12. Qe2 Rfe8 13. Be3 Bxb3 14. axb3
Bf8 15. Qf2 c5 16. Rfd1 Qc6 17. Bg5 Be7 18. Be3 h6 19. g4 Nh7 20. Nd5 Bg5 21.
h4 Bxe3 22. Nxe3 Nf8 23. h5 Ne6 24. Nd5 Ng5 25. b4 Nh3+ 26. Kg2 Nxf2 27. Kxf2
cxb4 28. c3 bxc3 29. bxc3 Qc5+ 30. Kg3 c6 31. Nc7 Qxc3 32. Nxa8 Rxa8 33. Rac1
Qe5+ 34. Kh3 c5 35. Rd5 Qf4 36. Rf1 a5 37. Kg2 a4 38. Ra1 Kf8 39. Rd3 Ke7 40.
Rda3 c4 41. R3a2 a3 42. Rc2 c3 0-1

[Event "CAN-ch U20 U1500"]
[Site "Toronto CAN"]
[Date "2023.07.09"]
[Round "5.23"]
[White "Chen, Matthew"]
[Black "Yao, Lucas"]
[Result "0-1"]
[WhiteElo "1346"]
[BlackElo "1388"]
[PlyCount "96"]
[EventDate "2023.07.07"]
[EventType "swiss"]
[EventRounds "6"]
[EventCountry "CAN"]

1. e4 e5 2. Nf3 Nc6 3. c3 Nf6 4. d4 d6 5. Bg5 h6 6. Bxf6 Qxf6 7. Bb5 Bd7 8. d5
Nb8 9. Bxd7+ Nxd7 10. Qa4 a6 11. c4 Be7 12. Nc3 Rd8 13. b4 O-O 14. O-O Qg6 15.
Qa5 Rc8 16. Nd2 Bg5 17. Rad1 Bxd2 18. Rxd2 Nb6 19. Rc2 Nxc4 20. Qa4 Nb6 21. Qb3
Nd7 22. b5 axb5 23. Nxb5 Nc5 24. Qe3 Qxe4 25. Qxe4 Nxe4 26. Nxc7 Nf6 27. Rfc1
Ne4 28. f3 Nf6 29. a4 Rfd8 30. Nb5 Rxc2 31. Rxc2 Nxd5 32. Rd2 Nb6 33. Rxd6 Rxd6
34. Nxd6 Nxa4 35. Nxb7 Kf8 36. Kf2 Ke7 37. Ke3 f5 38. Kd3 Nb6 39. g4 Kf6 40. h4
Nd5 41. Nd6 Nf4+ 42. Kc4 e4 43. fxe4 fxg4 44. Nf5 Ke5 45. Ng3 h5 46. Kc3 g6 47.
Kc4 Ng2 48. Kd3 Nxh4 0-1

[Event "CAN-ch U20 U1500"]
[Site "Toronto CAN"]
[Date "2023.07.09"]
[Round "5.24"]
[White "Chen, Michael"]
[Black "Li, Yeeshuen"]
[Result "0-1"]
[WhiteElo "1334"]
[BlackElo "1216"]
[PlyCount "140"]
[EventDate "2023.07.07"]
[EventType "swiss"]
[EventRounds "6"]
[EventCountry "CAN"]

1. Nf3 c5 2. c4 g6 3. Nc3 Bg7 4. e3 d6 5. d4 b6 6. g3 Bb7 7. Bg2 Nc6 8. O-O Nf6
9. a3 O-O 10. Rb1 Rc8 11. b4 cxd4 12. exd4 Nb8 13. Qe2 Re8 14. Rd1 Qc7 15. Nd2
Bxg2 16. Kxg2 e5 17. d5 a6 18. f3 b5 19. c5 dxc5 20. d6 Qxd6 21. Nc4 Qc6 22.
Nd6 cxb4 23. Nce4 Nxe4 24. fxe4 Rcd8 25. Nxe8 Rxe8 26. axb4 f5 27. Re1 Rd8 28.
Kg1 fxe4 29. Qxe4 Rd1 30. Kf2 Qxe4 31. Rxe4 Bh6 32. Re1 Rxe1 33. Kxe1 Bf8 34.
Bd2 Nc6 35. Kf2 Kg7 36. Kf3 Kf6 37. Ke4 Ke6 38. Bc3 Bd6 39. g4 Bc7 40. Ra1 Nb8
41. Be1 Bb6 42. Bc3 Bc7 43. Rf1 Bd6 44. g5 Nc6 45. Rf6+ Ke7 46. Kd5 Nxb4+ 47.
Bxb4 Bxb4 48. Rxa6 Bc3 49. Ra7+ Kf8 50. Rxh7 b4 51. Rb7 Kg8 52. Ke4 Kf8 53. h4
Kg8 54. Kf3 Be1 55. Kg4 Bd2 56. h5 gxh5+ 57. Kxh5 e4 58. Kg6 Kf8 59. Rb8+ Ke7
60. Kf5 e3 61. g6 e2 62. g7 e1=Q 63. g8=Q Qf2+ 64. Ke4 Qe2+ 65. Kd5 Qd3+ 66.
Kc6 Qd6+ 67. Kb7 Qd7+ 68. Ka6 Qa4+ 69. Kb7 Qb5+ 70. Kc7 Bf4+ 0-1

[Event "CAN-ch U20 U1500"]
[Site "Toronto CAN"]
[Date "2023.07.09"]
[Round "6.23"]
[White "Yao, Lucas"]
[Black "Dhingra, Tanishq Kumar"]
[Result "1-0"]
[WhiteElo "1388"]
[BlackElo "1114"]
[PlyCount "83"]
[EventDate "2023.07.07"]
[EventType "swiss"]
[EventRounds "6"]
[EventCountry "CAN"]

1. e4 e5 2. Nf3 Nf6 3. Nc3 Nc6 4. Be2 Be7 5. O-O d5 6. exd5 Nxd5 7. Bb5 Bg4 8.
Bxc6+ bxc6 9. h3 Bxf3 10. Qxf3 O-O 11. d3 Rb8 12. Nxd5 cxd5 13. b3 Bf6 14. Rb1
c5 15. Bb2 Rb6 16. Ba3 Be7 17. Qe3 Qc7 18. Rfe1 Re6 19. c4 Rd8 20. Bb2 d4 21.
Qe4 Qd7 22. Kh1 Rb8 23. Qd5 Qxd5 24. cxd5 Rd6 25. Rxe5 Bf6 26. Re4 Rxd5 27.
Rbe1 h6 28. Ba3 a6 29. Re8+ Rxe8 30. Rxe8+ Kh7 31. Ra8 c4 32. bxc4 Ra5 33. Bd6
Rxa2 34. c5 Rc2 35. Rxa6 Be5 36. Bxe5 Rxc5 37. Bxd4 Rd5 38. Ra4 h5 39. Kg1 g6
40. Kf1 Kg8 41. Ra8+ Kh7 42. Rh8# 1-0